Zhodnotenie vplyvu výberu spôsobu uplatňovania daňových výdavkov na spotrebované PHL na finančnú situáciu účtovnej jednotky bakalárska práca

Salvato in:
Dettagli Bibliografici
Autore principale: Danišová, Adela
Ente Autore: Fakulta hospodárskej informatiky EU. Katedra účtovníctva a audítorstva
Altri autori: Parajka, Branislav, 1981-
Natura: Libro
Lingua:slovacco
Pubblicazione: Bratislava 2025
Tags: Aggiungi Tag
Nessun Tag, puoi essere il primo ad aggiungerne!!

MARC

LEADER 00000nbm a2200000 4500
001 0312313
005 20260317110923.3
041 0 |a slo 
044 |a SK 
245 1 0 |a Zhodnotenie vplyvu výberu spôsobu uplatňovania daňových výdavkov na spotrebované PHL na finančnú situáciu účtovnej jednotky  |b bakalárska práca  |c Adela Danišová ; školiteľ: Branislav Parajka 
264 1 |a Bratislava  |c 2025 
300 |a 48 s. 
100 1 |a Danišová, Adela 
700 1 |a Parajka, Branislav, 1981- 
710 2 |a Fakulta hospodárskej informatiky EU. Katedra účtovníctva a audítorstva